Geometry Dash Hardest Demons A-Z - Statistics

General Stats
  • This quiz has been taken 53 times
    49 since last reset
  • The average score is 8 of 26
Answer Stats
Letter Answer % Correct
Z Zodiac
77%
B Bloodlust
69%
S Slaughterhouse
69%
A Arcturus
51%
F Firework
51%
K Kenos
49%
Q Quantum Processing
46%
G The Golden
46%
X xo
41%
C Crimson Planet
38%
T Trueffet
33%
H Hard Machine
28%
R Renevant
28%
P Promethean
23%
O Omega Interface
18%
W Wasureta
18%
D Deimos
15%
J Jamboree
15%
L Lucid Nightmares
15%
N Nhelv
13%
Y The Yandere
13%
V Visible Ray
10%
M Molten Core
8%
E Eternal Moment
5%
I Infinite Iniquity
5%
U Untitled
5%
No matching quizzes found
Score Distribution
Percent of People with Each Score
Percentile by Number Answered
Your Score History
You have not taken this quiz since the last reset